The 3rd IPSF Eastern Mediterran Pharmaceutical Symposium, Khartoum, Sudan

Bibliographic Details
Main Author: Valena, Tomáš (Author)
Format: Article
Language:Slovak

MARC

LEADER 00000nab a2200000 a 4500
001 vtls010706462
003 SK-MaSNL
005 20260304185511.0
008 250709s2012 xo |||||||||||||||||slo|
035 |a (urnnbn)urn:nbn:sk:snk:ar-a0417l 
035 |a (uuid)574f0b7b-b6b5-42c3-bf75-f13338305990 
035 |a urn:nbn:sk:snk-ab3arw 
040 |a SNKBUCL  |b slo  |c SNKBUCL  |e AACR2 
041 0 |a slo 
044 |a xo  |c SK 
100 1 |a Valena, Tomáš  |4 aut  |9 161909 
245 1 4 |a The 3rd IPSF Eastern Mediterran Pharmaceutical Symposium, Khartoum, Sudan  |c Tomáš Valena 
773 0 |t Lekárnické listy : odborno-informačný časopis Slovenskej lekárnickej komory  |g Roč. 14, č. 9 (2012), s. 32-33 
850 |a Slovenská národná knižnica 
852 |a Slovenská národná knižnica 
954 |a odborná, vedecká literatúra pôvodná (slovenská)  |2 lita 
958 |a article1 
958 |a OND 
958 |a EUIPO 
999 |c 3043848  |d 3045778